[Event "10th KiiT Festival 2017"]
[Site "Bhubaneshwar"]
[Date "2017.06.01"]
[Round "9"]
[White "Babujian, Levon"]
[Black "Navalgund, Niranjan"]
[Result "1-0"]
[WhiteElo "2438"]
[BlackElo "2351"]
[Annotator "TA"]
[PlyCount "81"]
[EventDate "2017.05.26"]
[EventType "swiss"]
[EventCountry "IND"]
[SourceTitle "playchess.com"]
[Source "ChessBase"]
[SourceQuality "1"]

{[%evp 21,81,30,0,-28,6,11,12,20,0,0,31,39,41,0,0,0,33,0,92,91,178,181,158,170,166,167,167,69,66,69,94,80,68,53,58,25,45,0,37,45,117,116,137,139,148,163,189,177,182,79,75,64,72,68,142,134,138,67,137,116,200,177]} 1. e4 c5 2. Nf3 Nc6 3. d4 cxd4 4. Nxd4 e6 5. Nc3 Qc7 6. Be3 a6 7. Qd2 Nf6 8. O-O-O Be7 {B48: Sicilian: Taimanov: 5 Nc3 Qc7 6 Be3 a6 without Be2} 9. f3 b5 10. g4 Nxd4 11. Qxd4 Bb7 {LiveBook: 59 Games} 12. Bd3 $146 (12. g5 {seems wilder.} Nh5 13. Kb1 Rc8 14. Qd2 Bb4 15. Be2) ({Predecessor:} 12. g5 Nh5 13. Bh3 Rc8 14. Bg4 b4 15. Bxh5 bxc3 16. Qxg7 cxb2+ 17. Kxb2 {½-½ (33) Yu,Y (2736)-Matlakov,M (2691) Ningbo 2015}) 12... e5 13. Qb6 Qxb6 14. Bxb6 b4 15. Na4 d5 {[%cal Rd5e4]} 16. Nc5 dxe4 {[#] Threatens to win with ...Bxc5.} 17. fxe4 Bc8 18. h3 {[%cal Bh2h3,Bh3g4][%mdl 32]} h5 19. Bc4 {And now Bb3 would win.} Bxc5 (19... Nd7 $1 $11 {remains equal.} 20. Nxd7 Bxd7) 20. Bxc5 $16 Bb7 (20... Be6 $16 21. Bxe6 fxe6) 21. Bb3 $18 {[#] White wants to mate with Ba4+.} Bc6 22. Rhf1 ({Don't do} 22. Bxb4 $6 Nxe4 23. g5 a5 $16) 22... hxg4 23. hxg4 ({But not} 23. Bxb4 $2 gxh3 24. Rf5 Rh5 $19) 23... Rd8 24. Bd6 ({Resist} 24. Bxb4 $6 Rxd1+ 25. Kxd1 Bb5 $14) (24. Rde1 $18) 24... Rd7 $1 $14 25. Bxe5 Rxd1+ 26. Rxd1 Nxe4 27. Bc4 Rh4 28. Be2 f6 29. Bc7 Bd7 30. Rg1 Kf7 ({Black should try} 30... Bb5 $14 31. Bf3 Ng5) 31. Ba5 $16 f5 32. gxf5 Nd6 33. Rd1 Ke7 34. Bd3 Rg4 35. Rf1 (35. Re1+ $18 Kf7 36. Bxa6) 35... Bb5 36. Bc7 Bxd3 37. cxd3 Nb5 (37... Nf7 $14) 38. Be5 Kf7 39. Rf2 ({Better is} 39. f6 $16 g6 40. Rh1) 39... a5 (39... Nd4 $14) 40. Kd2 a4 (40... Nd4 $16) 41. Ke3 {Precision: White = 47%, Black = 33%.} 1-0

[Event "10th KiiT Festival 2017"]
[Site "Bhubaneshwar"]
[Date "2017.06.01"]
[Round "9"]
[White "Khusenkhojaev, Muhammad"]
[Black "Tukhaev, Adam"]
[Result "1/2-1/2"]
[WhiteElo "2433"]
[BlackElo "2557"]
[Annotator "TA"]
[PlyCount "27"]
[EventDate "2017.05.26"]
[EventType "swiss"]
[EventCountry "IND"]
[SourceTitle "playchess.com"]
[Source "ChessBase"]
[SourceQuality "1"]

{[%evp 26,27,36,0]} 1. Nf3 Nf6 2. c4 g6 3. g3 Bg7 4. Bg2 O-O 5. O-O d6 6. d4 c5 7. Nc3 Nc6 8. dxc5 dxc5 9. Bf4 Nd4 10. Be5 $146 ({Predecessor:} 10. Nxd4 cxd4 11. Nb5 Ne8 12. Qb3 a6 13. Na3 e5 14. Bd2 Bg4 15. Rfe1 Rb8 16. Bb4 Nd6 17. c5 Nc8 {1-0 (62) Howell,D (2655)-Palliser,R (2421) Reading 2017}) 10... Nc6 11. Bf4 Nd4 12. Be5 Nc6 13. Bf4 Nd4 14. Be5 1/2-1/2

[Event "10th KiiT Festival 2017"]
[Site "Bhubaneshwar"]
[Date "2017.06.01"]
[Round "9"]
[White "Nitin, S."]
[Black "Nguyen, Duc Hoa"]
[Result "0-1"]
[WhiteElo "2426"]
[BlackElo "2481"]
[Annotator "TA"]
[PlyCount "52"]
[EventDate "2017.05.26"]
[EventType "swiss"]
[EventCountry "IND"]
[SourceTitle "playchess.com"]
[Source "ChessBase"]
[SourceQuality "1"]

{[%evp 18,52,22,12,15,34,43,29,23,0,0,0,49,0,0,-18,-35,-38,-20,-113,-106,-111,-103,-170,-161,-210,-198,-294,-315,-571,-526,-625,-614,-671,-665,-29997,-29998]} 1. e4 c5 2. Nf3 e6 3. d4 cxd4 4. Nxd4 Nc6 5. Nc3 Qc7 6. Be3 a6 7. Qf3 {B48: Sicilian: Taimanov: 5 Nc3 Qc7 6 Be3 a6 without Be2} Ne5 (7... Nf6 8. O-O-O Rb8 9. Be2 d6 10. Qg3 Nxd4 11. Bxd4 e5 12. Ba7 Ra8 13. Be3 b5 14. f4 Bb7 15. fxe5 Nxe4 16. Nxe4 Bxe4 {1-0 (42) Nepomniachtchi,I (2767)-Adhiban,B (2666) Doha 2016}) 8. Qg3 h5 9. O-O-O h4 10. Qh3 $1 {LiveBook: 12 Games} b5 11. f4 Nc4 12. Bxc4 Qxc4 13. Kb1 Bb7 14. f5 Nf6 15. e5 $146 ({Predecessor:} 15. fxe6 dxe6 {0-1 (62) Winkelman,A (2029)-Li,D (2488) Chengdu 2017}) 15... Ne4 16. Nxe4 Bxe4 17. Rd2 Rc8 18. fxe6 (18. Rc1 $1 $11) 18... dxe6 $17 19. Rhd1 Rh5 20. Qg4 (20. Bf4 $17) 20... Rxe5 $19 {...Bb4 is the strong threat.} 21. Qxh4 {[#]} Bg6 $1 $40 {[%mdl 128] Black attacks with force.} 22. b3 (22. Bg5 $142) 22... Qc3 23. Nf5 $2 {[#]} (23. Rd3 {was called for.} Bxd3 24. Rxd3 Qxd3 25. cxd3 Rxe3 26. Qg5 Re1+ 27. Kb2) 23... Qc7 $1 24. Bf4 Bxf5 25. Bxe5 Bxc2+ 26. Kc1 Ba3+ {Precision: White = 27%, Black = 87%.} 0-1

[Event "10th KiiT Festival 2017"]
[Site "Bhubaneshwar"]
[Date "2017.06.01"]
[Round "9"]
[White "Raghunandan, Kaumandur Srihari"]
[Black "Neelotpal, Das"]
[Result "1/2-1/2"]
[WhiteElo "2410"]
[BlackElo "2438"]
[Annotator "TA"]
[PlyCount "54"]
[EventDate "2017.05.26"]
[EventType "swiss"]
[EventCountry "IND"]
[SourceTitle "playchess.com"]
[Source "ChessBase"]
[SourceQuality "1"]

{[%evp 12,54,0,-6,12,6,14,0,17,20,10,8,26,0,6,0,0,0,5,-15,-10,0,16,0,0,-12,-10,-14,17,-23,20,20,25,15,13,15,70,13,16,14,27,0,0,0,0]} 1. Nf3 d5 2. g3 Bf5 3. c4 e6 4. Bg2 c6 5. cxd5 exd5 6. O-O Nf6 7. d3 Na6 {A11: English Opening: 1...c6} 8. a3 Be7 9. b4 O-O 10. Nbd2 Qd7 $146 ({Predecessor:} 10... Qc8 11. Re1 Rd8 12. Nb3 Bh3 13. Bh1 h6 14. Bb2 Nc7 15. Rc1 {1-0 (58) Jakovenko,D (2732)-Kosteniuk,A (2550) Gibraltar 2016}) 11. Re1 Bh3 12. Bh1 Ng4 13. e4 dxe4 14. Nxe4 h6 15. Qb3 Rad8 16. d4 Nf6 17. Ne5 {[%cal Bf3e5,Be5d3,Bd3f4][%mdl 32]} Qe6 18. Nxf6+ Bxf6 {[#]} 19. d5 $1 {[%mdl 512]} cxd5 20. Bb2 {And now Ng6! would win.} Rfe8 21. Nd3 Qd6 22. Bxf6 Qxf6 23. Nf4 Be6 (23... Rxe1+ $11 24. Rxe1 Be6) 24. Bxd5 (24. Nxd5 $14 Qg5 25. f4 Bxd5 26. Rxe8+ (26. fxg5 $2 {loses.} Bxb3 27. Rxe8+ Rxe8 $19) 26... Rxe8 27. Bxd5 (27. fxg5 $2 {too greedy.} Bxb3 28. Bxb7 Nc7 $19)) 24... Bxd5 $11 25. Nxd5 Qd6 {[#] ...Rxe1+ is the strong threat.} 26. Nf4 Rxe1+ 27. Rxe1 Nc7 {Precision: White = 37%, Black = 57%.} 1/2-1/2

[Event "10th KiiT Festival 2017"]
[Site "Bhubaneshwar"]
[Date "2017.06.01"]
[Round "9"]
[White "Sidhant, Mohapatra"]
[Black "Kaustuv, Kundu"]
[Result "1/2-1/2"]
[WhiteElo "2393"]
[BlackElo "2274"]
[Annotator "TA"]
[PlyCount "60"]
[EventDate "2017.05.26"]
[EventType "swiss"]
[EventCountry "IND"]
[SourceTitle "playchess.com"]
[Source "ChessBase"]
[SourceQuality "1"]

{[%evp 25,60,30,40,32,45,49,42,45,56,49,41,41,50,-21,0,0,0,-89,-124,-100,-135,-121,-106,-114,-98,-92,-118,-117,12,5,30,0,22,0,123,0,0]} 1. e4 c5 2. Nf3 d6 3. d4 cxd4 4. Nxd4 Nf6 5. Nc3 g6 6. Be3 Bg7 7. f3 O-O 8. Qd2 Nc6 9. O-O-O d5 10. Qe1 e5 11. Nxc6 bxc6 12. exd5 Nxd5 13. Bc4 Be6 14. Kb1 {B76: Sicilian Dragon: Yugoslav Attack, 9 g4 and 9 0-0-0} Rb8 (14... Re8 15. h4 Qc7 16. Nxd5 cxd5 17. Bxd5 Bxd5 18. Rxd5 e4 19. fxe4 Rxe4 20. Qd2 Bxb2 21. Kxb2 Qb7+ {½-½ (54) Navara,D (2735)-Edouard,R (2641) Drancy 2016}) 15. Ne4 Qc7 16. Bc5 {White is slightly better.} Rfd8 17. g4 h6 18. Bb3 a5 19. c4 $146 (19. a4 $14) ({Predecessor:} 19. h4 a4 20. Bxa4 f5 21. Nf2 Rxb2+ 22. Kxb2 {0-1 (29) Bakhmatsky,V (2454)-Golubev,M (2476) Lvov 2017}) 19... Nf4 20. Bd6 Rxd6 $1 21. Nxd6 (21. Rxd6 $11 {was the only way to keep the balance.} f5 22. gxf5 gxf5 23. c5 (23. Rxe6 Nxe6 24. Nc3 Nd4 $15) 23... Bxb3 24. axb3 fxe4 25. Qxe4) 21... a4 22. Bxa4 {Black must now prevent Bb3.} e4 $1 23. Bb3 {[#]} Nd3 $1 {[%cal Rd3e1]} 24. Qxe4 Nxb2 25. Rd2 Na4 $1 {[%cal Ra4c3][%mdl 1024] Hoping for ...Nc3+. Black has strong compensation.} 26. Kc2 Nc5 (26... Qa5 $17 27. Qe3 Nc3) 27. Qe3 $11 Qa5 28. Rc1 ({But not} 28. Kd1 $2 Nxb3 29. axb3 Qa1+ 30. Ke2 Qxh1 $19) 28... Qa3 29. Rb1 Na4 {[#]} (29... Qa5 $11 {remains equal.}) 30. Qa7 (30. Ne4 $1 $16) 30... Rxb3 $1 {Precision: White = 69%, Black = 51%.} ({Don't blunder} 30... Qb4 $2 31. Ne4 $18 (31. Qxa4 $2 Qc3+ 32. Kd1 Qxf3+ 33. Ke1 Qe3+ 34. Re2 Qg1+ 35. Kd2 Qxb1 $19)) 1/2-1/2

[Event "10th KiiT Festival 2017"]
[Site "Bhubaneshwar"]
[Date "2017.06.01"]
[Round "9"]
[White "Sidhant, Mohapatra"]
[Black "Kaustuv, Kundu"]
[Result "*"]
[WhiteElo "2393"]
[BlackElo "2274"]
[Annotator "TA"]
[PlyCount "42"]
[EventDate "2017.05.26"]
[EventType "swiss"]
[EventCountry "IND"]
[SourceTitle "playchess.com"]
[Source "ChessBase"]
[SourceQuality "1"]

{[%evp 25,28,31,32,24,46]} 1. e4 c5 2. Nf3 d6 3. d4 cxd4 4. Nxd4 Nf6 5. Nc3 g6 6. Be3 Bg7 7. f3 O-O 8. Qd2 Nc6 9. O-O-O d5 10. Qe1 e5 11. Nxc6 bxc6 12. exd5 Nxd5 13. Bc4 Be6 14. Kb1 {B76: Sicilian Dragon: Yugoslav Attack, 9 g4 and 9 0-0-0} Rb8 {[#]} {Predecessor:} 15. Ne4 $146 f5 16. Bxa7 Qc7 17. Bxb8 Rxb8 18. Bb3 fxe4 19. fxe4 Nf4 20. g3 Bxb3 21. axb3 Ne6 {½-½ (75) Kasimdzhanov,R (2703)-Jones,G (2650) Almaty 2016} *

[Event "10th KiiT Festival 2017"]
[Site "Bhubaneshwar"]
[Date "2017.06.01"]
[Round "9"]
[White "Ravi, Teja S"]
[Black "Thanki, Hemal Karsanji"]
[Result "1-0"]
[WhiteElo "2369"]
[BlackElo "2182"]
[Annotator "TA"]
[PlyCount "81"]
[EventDate "2017.05.26"]
[EventType "swiss"]
[EventCountry "IND"]
[SourceTitle "playchess.com"]
[Source "ChessBase"]
[SourceQuality "1"]

{[%evp 15,81,-6,12,8,14,15,14,9,11,-2,17,25,37,29,49,0,18,14,60,31,47,40,49,45,41,36,100,91,114,114,91,108,100,111,308,302,303,302,299,289,310,312,319,316,311,299,350,340,413,413,494,335,354,354,337,351,331,335,382,314,404,401,408,398,389,0,770,767]} 1. d4 e6 2. Nf3 Nf6 3. e3 c5 4. Bd3 d5 5. c3 Nc6 6. Nbd2 Bd6 7. dxc5 {D05: Colle System with ...e6} Bxc5 8. b4 Be7 {LiveBook: 3 Games} (8... Bd6 9. O-O O-O 10. a3 a5 11. b5 Ne5 12. Nxe5 Bxe5 13. Bb2 Qe7 14. Qc2 h6 {0-1 (52) Grachev,B (2693)-Khairullin,I (2638) Jurmala 2012}) 9. O-O {The position is equal.} O-O 10. Bb2 b6 11. a3 Bb7 12. Qb1 $146 ({Predecessor:} 12. c4 Rc8 13. Rc1 dxc4 14. Bxc4 a6 {0-1 (75) Vamos,V (2206)-Bodo,N (2435) Hungary 2012}) 12... Nb8 13. c4 dxc4 14. Nxc4 Nbd7 15. e4 Nh5 16. g3 Rc8 17. Nfd2 Ba8 18. Qd1 Nhf6 19. e5 Ne8 ({Avoid the trap} 19... Nxe5 $2 20. Nxe5 Nd7 21. Qe2 $18) 20. Qh5 {[%csl Gd3][%cal Rh5h7]} f5 (20... h6 $14) 21. exf6 $1 $16 Ndxf6 {[#]} 22. Qe2 $1 $36 {[%mdl 2048] Black is under strong pressure.} Qd5 {[%csl Ga8][%cal Rd5h1]} 23. f3 Rd8 24. Ne5 Ng4 $2 (24... Nd6 $16 {is a better defense.}) 25. Nxg4 $18 Qxd3 26. Qxe6+ Rf7 {[#]} 27. Qxf7+ $1 {[%mdl 512]} Kxf7 28. Ne5+ Kf8 29. Nxd3 Rxd3 30. Nc4 b5 31. Ne5 Rb3 32. Bd4 Nd6 33. Nd7+ Ke8 34. Nc5 Rxf3 35. Rxf3 Bxf3 36. Bxg7 Bd5 37. Na6 Kd7 38. Rd1 Bf3 39. Rf1 Bd5 40. Rd1 $2 (40. Bf6 $18 Bxf6 41. Rxf6) 40... Kc6 $2 {[%mdl 8192]} (40... Bf3 $11 41. Nc5+ Kc6) 41. Nb8+ {Precision: White = 84%, Black = 26%.} 1-0

[Event "10th KiiT Festival 2017"]
[Site "Bhubaneshwar"]
[Date "2017.06.01"]
[Round "9"]
[White "Sai Krishna G V"]
[Black "Samal Ansuman"]
[Result "1-0"]
[WhiteElo "2339"]
[BlackElo "1803"]
[Annotator "TA"]
[PlyCount "45"]
[EventDate "2017.05.26"]
[EventType "swiss"]
[EventCountry "IND"]
[SourceTitle "playchess.com"]
[Source "ChessBase"]
[SourceQuality "1"]

{[%evp 11,45,42,60,50,70,23,23,27,71,31,219,235,206,220,233,260,250,245,329,321,333,320,303,270,704,691,689,682,957,951,828,799,1485,1483,1459,1462]} 1. e4 {[%cal Be2e4,Be4e5][%mdl 32]} Nf6 {[%cal Bg8f6,Bf6d5,Bd5b6][%mdl 32]} 2. e5 Nd5 3. d4 d6 4. c4 Nb6 5. f4 dxe5 6. fxe5 g6 {LiveBook: 11 Games} 7. Nf3 {B03: Alekhine's Defence: Four Pawns Attack} (7. Nc3 Bg7 8. Nf3 Bg4 9. c5 Nc8 10. Bc4 e6 11. O-O Nc6 12. Be3 N8e7 13. Qd2 Bxf3 14. Rxf3 Nf5 15. Bb5 Qd7 {1-0 (37) Zuriel,M (2231)-Amura,C (2283) Villa Martelli 2015}) 7... Bg7 8. Be2 c5 9. d5 $1 {White has an edge.} ({But not} 9. dxc5 Qxd1+ 10. Kxd1 N6d7 $15) 9... Bg4 10. Ng5 $146 (10. e6 $5) ({Predecessor:} 10. Bf4 e6 11. Nc3 O-O 12. O-O N8d7 13. Bg5 f6 14. exf6 Bxf6 15. Bxf6 Qxf6 {1-0 (53) Marcin,M (1987)-Durica,D (2093) Slovakia 2007}) 10... Bf5 $2 ({Better is} 10... Bxe2 $14 11. Qxe2 h6) 11. e6 $18 fxe6 {[#]} 12. g4 $1 {[%cal Bg2g4,Bg4f5][%mdl 32]} h6 13. gxf5 hxg5 14. fxe6 Qd6 15. Qd3 Bd4 16. Qxg6+ Kd8 {intending ...Nxc4.} 17. Qxg5 {[#] aiming for Bf4.} Rxh2 $2 (17... Bf6 18. Qg4 Rh4) 18. Rxh2 {White is clearly winning.} Qxh2 19. Bf4 {[%cal Rg5g8]} Qg1+ 20. Qxg1 Bxg1 21. Nc3 Nc8 22. O-O-O Bd4 23. Nb5 {Precision: White = 71%, Black = 18%.} 1-0

[Event "10th KiiT Festival 2017"]
[Site "Bhubaneshwar"]
[Date "2017.06.01"]
[Round "9"]
[White "Roy Chowdhury, Saptarshi"]
[Black "Hirthickkesh PR"]
[Result "1-0"]
[WhiteElo "2326"]
[BlackElo "2168"]
[Annotator "TA"]
[PlyCount "54"]
[EventDate "2017.05.26"]
[EventType "swiss"]
[EventCountry "IND"]
[SourceTitle "playchess.com"]
[Source "ChessBase"]
[SourceQuality "1"]

{[%evp 28,54,52,54,91,43,72,54,70,49,76,29,54,55,54,48,95,84,235,158,161,61,84,47,85,72,583,-16,442]} 1. e4 e5 2. Nf3 Nc6 3. Bc4 Bc5 4. c3 Nf6 5. d3 a6 6. Bb3 Ba7 7. Nbd2 {[%cal Bb1d2,Bd2f1,Bf1g3][%mdl 32]} O-O 8. O-O d6 9. h3 Ne7 10. Re1 Ng6 11. Nf1 h6 12. Ng3 Be6 {C54: Giuoco Piano: 4 c3 Nf6, main lines with 5 d4 and 5 d3} 13. d4 Qc8 (13... Qd7 14. Bc2 c6 15. Be3 Rfd8 16. Qd2 Qe8 17. Rad1 Bb6 18. c4 Bxc4 19. Qc3 exd4 20. Nxd4 {1-0 (31) Kryvoruchko,Y (2697)-Granda Zuniga,J (2663) Linares 2015}) 14. Be3 Re8 15. Bc2 {LiveBook: 5 Games} Kh7 16. Kh2 c6 17. Qd2 Bb8 $146 ({Predecessor:} 17... Qc7 18. Rad1 Rad8 19. a3 b5 20. a4 {½-½ (39) Roganovic,M (2497)-Varga,P (2411) Hungary 2011}) 18. Rad1 Bc7 19. Bb1 Rd8 20. Qc1 Re8 21. c4 exd4 22. Nxd4 b5 $2 (22... Bd7 $16 {was necessary.}) 23. cxb5 ({Much less strong is} 23. Nxc6 $6 bxc4 24. f4 Qb7) 23... cxb5 24. Nf3 (24. Nxe6 $18 fxe6 25. Qc3 (25. e5 dxe5 26. Bc5 e4 $16)) 24... Kg8 25. Bd4 {[#] And now Bxf6 would win.} Bd8 26. Qd2 Nh5 $2 {[%mdl 8192]} (26... Nd7 $16) 27. Bd3 $2 (27. Nxh5 $18 Ne5 28. Nxe5 dxe5 29. Bxe5) 27... Ne5 $2 {[%mdl 8192] Precision: White = 29%, Black = 20%.} (27... Nxg3 $1 $11 {and Black stays safe.} 28. Rc1 Qb7 29. fxg3 Ne5) 1-0

[Event "10th KiiT Festival 2017"]
[Site "Bhubaneshwar"]
[Date "2017.06.01"]
[Round "9"]
[White "Karthik Venkataraman"]
[Black "Wagh Suyog"]
[Result "1-0"]
[WhiteElo "2317"]
[BlackElo "2138"]
[Annotator "TA"]
[PlyCount "63"]
[EventDate "2017.05.26"]
[EventType "swiss"]
[EventCountry "IND"]
[SourceTitle "playchess.com"]
[Source "ChessBase"]
[SourceQuality "1"]

{[%evp 28,63,37,24,28,4,16,-7,0,0,8,3,38,15,13,14,40,19,39,17,13,0,175,167,156,161,182,150,234,220,164,114,29996,29997,29997,29998,29998,29999]} 1. e4 e5 2. Nf3 Nc6 3. Bb5 {[%cal Bf1b5,Bb5a4,Ba4b3][%mdl 32]} a6 4. Ba4 Nf6 5. O-O Be7 6. Re1 b5 7. Bb3 d6 8. c3 O-O 9. h3 Nb8 10. d4 Nbd7 11. Nbd2 Bb7 12. Bc2 Re8 13. Nf1 Bf8 14. Ng3 g6 15. a4 Nb6 {C95: Closed Ruy Lopez: Breyer Variation with 10 d4} (15... c5 16. d5 c4 17. Bg5 h6 18. Be3 Nc5 19. Qd2 h5 20. Bg5 Bg7 21. Rf1 Qc7 22. Bh6 Bh8 23. Ng5 Nh7 24. Nxh7 Kxh7 25. Be3 Qe7 26. f4 exf4 27. Bxf4 Kg8 {1-0 (51) Zherebukh,Y (2605)-Caruana,F (2817) Saint Louis 2017}) 16. a5 Nbd7 $1 17. b3 {[#]} exd4 $146 {The position is equal.} ({Predecessor:} 17... c6 18. Nh2 Bg7 19. dxe5 dxe5 20. Be3 Qc7 21. Ng4 Nxg4 22. hxg4 c5 23. g5 {½-½ (71) Buksa,N (2314)-Stefanova,A (2527) Riga 2017}) 18. cxd4 c5 19. d5 Qc7 20. Bg5 Bg7 21. Qd2 Nf8 22. Bh6 Bh8 23. Qf4 N6d7 24. Ng5 {[%csl Gg5][%cal Rf4f7]} Ne5 $2 (24... Re7 $11 {and Black is okay.}) 25. Bxf8 $1 $18 {aiming for Bh6.} Rxf8 26. Qh4 $1 {[%csl Gg5][%cal Rh4h7]} h5 {[#]} 27. f4 $1 Nd7 {[#]} (27... Rae8 $16 {was worth a try.}) 28. e5 $1 dxe5 {[#]} 29. Nxh5 $1 $40 {[%mdl 640] Black is in trouble.} gxh5 $2 {[%mdl 8192]} (29... e4 $16) 30. Qxh5 {[%csl Gc2,Gg5][%cal Rh5h7] White mates.} Nf6 31. Bh7+ $1 Kg7 {[#]} 32. Ne6+ $1 {[%mdl 512] Precision: White = 68%, Black = 30%.} 1-0

[Event "10th KiiT Festival 2017"]
[Site "Bhubaneshwar"]
[Date "2017.06.01"]
[Round "9"]
[White "Prasad, Devaki V"]
[Black "Jeet, Jain"]
[Result "0-1"]
[WhiteElo "2312"]
[BlackElo "2151"]
[Annotator "TA"]
[PlyCount "132"]
[EventDate "2017.05.26"]
[EventType "swiss"]
[EventCountry "IND"]
[SourceTitle "playchess.com"]
[Source "ChessBase"]
[SourceQuality "1"]

{[%evp 21,132,2,9,-13,-15,-20,1,-25,-33,-34,-23,-40,-8,-54,-32,-64,-45,-99,-86,-118,-90,-318,-149,-130,-143,-152,-169,-278,-282,-238,-223,-599,-91,-588,-105,-101,-115,-92,-104,-100,-118,-119,-111,-101,-83,-216,-212,-217,-217,-289,-276,-257,-266,-249,-180,-161,-162,-575,-596,-586,-596,-588,-588,-562,-554,-558,-549,-493,-315,-307,-296,-274,-249,-264,-241,-234,-234,-207,-195,-10726,-10334,-3085,-37,-12849,-105,-12845,-12276,-5887,-5966,-1702,-1282,-29965,-29966,-29966,-29966,-29968,-29969,-29969,-29971,-29973,-29973,-29974,-29975,-29978,-29976,-29981,-29981,-29983,-29979,-29979,-29980,-29980,-29980]} 1. e4 e5 2. Nf3 Nc6 3. Bb5 a6 4. Ba4 Nf6 5. O-O b5 6. Bb3 Bc5 7. a4 Rb8 8. d3 {[%cal Bd2d3,Bd3d4][%mdl 32]} d6 9. axb5 axb5 10. h3 {C78: Ruy Lopez: Archangelsk and Möller Defences} (10. Be3 Bxe3 11. fxe3 O-O 12. Nc3 Ne7 13. Nd5 Nfxd5 14. Bxd5 c6 15. Bb3 Ng6 16. Qe1 c5 17. Ra7 c4 18. dxc4 {1-0 (36) Smirin,I (2667)-Jones,G (2665) Wijk aan Zee 2017}) 10... h6 11. c3 O-O {LiveBook: 24 Games} 12. d4 {The position is equal.} Bb6 13. Re1 $1 Bb7 14. d5 Ne7 {[%cal Bc6e7,Be7g6,Bg6f4][%mdl 32]} 15. Be3 Bxe3 16. Rxe3 Ng6 17. Nbd2 $146 Nf4 18. c4 Bc8 19. Kh2 (19. cxb5 $15 Bd7 20. Bc4) 19... g5 $17 20. Ng1 g4 $1 21. h4 $2 (21. cxb5 $17 gxh3 22. Rg3+ Kh8 23. Nxh3) 21... g3+ (21... bxc4 $19 22. Nxc4 N6xd5 $1 {[%mdl 512]} 23. exd5 Qxh4+ 24. Nh3 gxh3) 22. Rxg3+ Kh8 {...Ng4+! is the strong threat.} 23. Nh3 Ng4+ $1 24. Rxg4 (24. Kg1 $142 Qxh4 25. Qe1) 24... Bxg4 $19 25. Qxg4 Rg8 26. Qf5 $2 (26. Qf3 Rxg2+ 27. Qxg2 Nxg2 28. Kxg2) 26... Rxg2+ 27. Kh1 {[#]} Qxh4 $2 (27... Rxf2 $1 $19 {[%mdl 512] is more deadly.} 28. Nxf2 Qxh4+ 29. Nh3 Nxh3) 28. Nf3 $17 Qg4 29. Qxg4 Rxg4 30. Nh2 Rh4 $36 {[%mdl 2048] White is under strong pressure.} 31. Nxf4 Rxf4 32. f3 f5 {[%mdl 1024] Black has strong compensation.} 33. c5 (33. Bc2 $17 {was worth a try.}) 33... fxe4 $19 ({Inferior is} 33... dxc5 34. Bc2 $11) 34. fxe4 dxc5 35. Re1 c4 36. Bd1 b4 37. Nf3 c3 38. bxc3 bxc3 39. Nxe5 $2 (39. Kg2 {was the crucial defense.}) 39... Rg8 {[%cal Rf4h4]} 40. Bg4 Rg5 ({Stronger than} 40... Rgxg4 41. Nxg4 Rxg4 42. Re3 $11) 41. Rc1 Rxe5 {[%mdl 4096] Endgame KRR-KRB} 42. Bf5 Rf3 43. Kg2 Rd3 44. Kf2 Rxf5+ 45. exf5 Rxd5 46. Rxc3 Rxf5+ {KR-KR} 47. Kg3 Rf7 48. Rc6 Kg7 49. Kg4 {[#]} Kf8 $1 50. Rxh6 $2 (50. Re6) 50... Ke7 51. Ra6 Kd7 $2 (51... Rf1 $19 52. Rc6 Kd7) 52. Kg3 $2 {[%mdl 8192]} (52. Ra1 $15) 52... Rf1 $2 (52... Rf8 $19 {and Black stays clearly on top.} 53. Rg6 c5) 53. Kg2 $2 {[%mdl 8192]} (53. Ra2 $17) 53... Rf5 54. Kg3 {[#]} c6 $1 {[%cal Bc7c6,Bc6c5,Bc5c4,Bc4c3,Bc3c2][%mdl 32]} 55. Kg4 Rf1 56. Ra7+ Kd6 {Black mates.} 57. Ra8 Kd5 58. Kg3 c5 59. Kg2 Rf6 60. Rc8 Kd4 61. Kg3 c4 62. Kg2 Kd3 63. Kg1 c3 64. Kg2 Kd2 65. Rd8+ Kc1 66. Rc8 c2 {Precision: White = 25%, Black = 68%.} 0-1